Statistics for Closest Cities to Miami

Click here to take the quiz!

General Stats

  • This quiz has been taken 30 times
  • The average score is 9 of 20

Answer Stats

km City mi % Correct
331Orlando206
96%
40Fort Lauderdale25
93%
331Tampa206
78%
528Jacksonville328
78%
657Tallahassee408
74%
333St. Petersburg207
67%
368Havana229
63%
13Hialeah8
63%
297Nassau185
52%
197Cape Coral122
33%
171Port St. Lucie106
30%
780Santiago de Cuba484
26%
857Macon532
22%
27Pembroke Pines17
22%
875Augusta544
22%
541Camagüey336
11%
676Holguín420
7%
629Las Tunas391
7%
375Santa Clara233
7%
808Guantánamo502
4%

Score Distribution

Percentile by Number Answered

Percent of People with Each Score

Your Score History

You have not taken this quiz